000
00258nam a2200109Ia 4500
008
190216s9999||||xx |||||||||||||| ||und||
100
_a
Sukumaran Chettiyar
245
0
_a
Bhouthika Praveshika
260
_b
Kerala Basha Inst
650
_a
Physics
942
_c
BK
999
_c
37765
_d
37765